Trường THCS Nam Giang thêm niềm vui lớn /
Bewaard in:
| Hoofdauteur: | |
|---|---|
| Formaat: | Artikel |
| Taal: | Vietnamese |
| Onderwerpen: | |
| Tags: |
Voeg label toe
Geen labels, Wees de eerste die dit record labelt!
|
| Thư viện lưu trữ: | Thư viện Trường Đại học Đà Lạt |
|---|
| LEADER | 00740nam a2200265 4500 | ||
|---|---|---|---|
| 001 | DLU130155270 | ||
| 005 | ##20131018 | ||
| 040 | # | # | |a DLU |b vie |
| 041 | # | # | |a vie |
| 044 | # | # | |a vn |
| 100 | # | # | |a Trần Hinh. |
| 245 | # | # | |a Trường THCS Nam Giang thêm niềm vui lớn / |c Trần Hinh. |
| 653 | # | # | |a Phát triển bền vững |
| 653 | # | # | |a Thành tích |
| 653 | # | # | |a Uy tín |
| 773 | # | # | |t Tạp chí Dạy và học ngày nay |g Số 1, 2006, tr. 115 |
| 920 | # | # | |a Phòng Tạp chí -- Trung tâm Thông tin - Thư viện Trường Đại học Đà Lạt |
| 994 | # | # | |a DLU |
| 900 | # | # | |a True |
| 911 | # | # | |a Nguyễn Thị Linh Chi |
| 925 | # | # | |a G |
| 926 | # | # | |a A |
| 927 | # | # | |a BB |
| 980 | # | # | |a Thư viện Trường Đại học Đà Lạt |